000 00368nam a22001217a 4500
999 _c10178
_d10178
003 OSt
008 201218b ||||| |||| 00| 0 eng d
245 _aJournal of Computational Intelligence Research
250 _a2013(Jan-Jun Vol.1 No.1, Jul-Dec Vol.1 No.2)
260 _aNew Delhi
_bOcean Research Journals
650 _aComputer Science Engineering
942 _2ddc
_cBV